Melanie Martinez - VOID Lyrics - Statistics

General Stats
  • This quiz has been taken 254 times
  • The average score is 234 of 341
Answer Stats
Answer % Correct
i
99%
the
99%
void
97%
in
95%
a
94%
me
92%
baby
90%
my
90%
to
90%
no
84%
i'm
83%
and
81%
so
80%
corner
79%
it's
79%
there's
78%
escape
77%
round
76%
spinning
75%
control
74%
gotta
74%
mind
74%
who
74%
kinda
72%
lonely
72%
before
71%
is
71%
wants
71%
was
71%
with
71%
down
70%
other
70%
see
70%
hate
69%
choice
68%
tasting
68%
on
67%
yeah
67%
sorrow
66%
this
66%
at
65%
day
65%
hell
65%
tell
65%
won't
65%
if
64%
live
64%
things
64%
fear
63%
left
63%
rotten
63%
someone
63%
by
62%
empty
62%
noise
61%
cannot
60%
judge
60%
pipe
60%
tomorrow
60%
turn
58%
society
57%
bear
56%
voices
54%
injected
53%
i've
52%
but
51%
here
51%
look
51%
run
51%
done
50%
one
49%
ate
47%
like
47%
gun
46%
mess
46%
ah
44%
loaded
44%
holdin
43%
myself
41%
tryna
40%
nowhere
38%
priest
38%
behind
36%
that
36%
confession
35%
bloody
32%
body
32%
metal
32%
kneelin
31%
walls
30%
collect
29%
grater
29%
has
29%
own
29%
died
28%
eyes
27%
intestines
27%
tangled
26%
insecurities
24%
into
24%
they
24%
beauty
23%
them
22%
starin
21%
damn
19%
fickle
19%
seem
19%
unhappy
19%
are
18%
within
17%
strange
16%
dark
15%
doorway
15%
find
15%
alchemize
9%
No matching quizzes found
Score Distribution
Percent of People with Each Score
Percentile by Number Answered
Your Score History
You have not taken this quiz